Statistiques concernant Les capitales les plus occidentales d'Europe

Cliquez ici pour prendre le quiz!

Statistiques générales

  • Ce quiz a été pris 8 610 fois
  • Le résultat moyen est 9 sur 10

Statistiques - réponses

LongitudeCapitale% Correct
2°21′EParis
99%
9°08′OLisbonne
97%
0°07'OLondres
97%
3°41'OMadrid
97%
6°16′ODublin
94%
4°21′EBruxelles
92%
4°54′EAmsterdam
84%
21°56′OReykjavik
84%
6°07′ELuxembourg
81%
1°52′EAndorre-la-Vieille
72%

Distribution des résultats

Percentile par nombre de réponses

% des personnes avec chaque résultat

Votre développement - résultats

Vous n’avez pas pris ce quiz